Statistics for NFL FOOTBALL (AFC NORTH) STARTING QB QUIZ

Click here to take the quiz!

General Stats

  • This quiz has been taken 24 times
  • The average score is 7 of 16

Answer Stats

HintAnswer% Correct
PIT (247)Ben Roethlisberger
95%
CIN (42)Joe Burrow
95%
BAL (61)Lamar Jackson
95%
BAL (163)Joe Flacco
85%
CIN (133)Andy Dalton
80%
CLE (59)Baker Mayfield
70%
CIN (97)Carson Palmer
55%
CLE (20)Brandon Weeden
30%
CLE (45)Tim Couch
30%
PIT (32)Kordell Stewart
25%
CLE (34)Derek Anderson
20%
CLE (21)Colt McCoy
15%
BAL (42)Kyle Boller
15%
BAL (22)Steve McNair
15%
PIT (32)Tommy Maddox
15%
CIN (46)Jon Kitna
5%

Score Distribution

Percentile by Number Answered

Percent of People with Each Score

Your Score History

You have not taken this quiz